000 00637nam a2200241Ia 4500
003 OSt
005 20221007062741.0
006 a|||||r|||| 00| 0
007 ta
008 221006b |||||||| |||| 00| 0 eng d
024 _a7,199
037 _cTextual
040 _aFLL
_cFLL
_beng
041 _2eng
_aeng
082 _aXM55:Z2, K4
100 _aKishore K. Au.
_9683322
245 0 _aCompany law and secretarial practice
260 _aBombay
_bAsia pub. house India
_c1964
300 _ax,748p
_ccm.
650 _aCompany law
942 _hXM55:Z2, K4
_cTEXL
_2CC
999 _c1129445
_d1129445